000 00557nam a2200193 4500
001 82498
003 BD-RjUL
005 20231219115209.0
008 231219s1337 pk ||||| |||| 00| 0 per d
035 _a(BD-RjUL)82498
040 _aBD-RjUL
_beng
_cBD-RjUL
041 _aper
082 _223
245 1 0 _a انوار رضوان ;; Anwar Radwan /
_cاغا محمد باقر سليماني ;; Agha Muhammad Baqir Soleimani
260 _aLahore :
_bShaikh mobarak ali,
_c1937
300 _a188 p. ;
_c23 cm
650 _aPersian Poetry
942 _2ddc
_cBK
999 _c82498
_d82498